| 000 | 00661nam a2200229 a 4500 | ||
|---|---|---|---|
| 005 | 20240213064357.0 | ||
| 008 | 040422s1997 mx r 000 0 spa d | ||
| 020 | _a9507247041 | ||
| 035 | _aUPN01000133027 | ||
| 049 | _aCG | ||
| 050 | 4 |
_aRC454 _bS2.4 |
|
| 100 | 1 |
_aSaurí, Jorge Joaquín, _d1923- |
|
| 245 | 1 | 0 |
_aHistoria de las ideas psiquiátricas : _bla crisis de la psiquiatría / _cJorge Saurí. |
| 250 | _aNueva ed. aum. | ||
| 260 |
_aBuenos Aires : _bLohlé-Lumen, _cc1997. |
||
| 300 | _a335 p. | ||
| 650 | 4 |
_aPsiquiatría _910046 |
|
| 650 | 4 | _aPSICOPATOLOGIA | |
| 740 | 3 | _aLa crisis de la psiquiatría | |
| 905 | _aLibro | ||
| 999 |
_c105180 _d105180 |
||